书目信息 |
| 题名: |
工程塑性力学
|
|
| 作者: | 庄懋年 编 | |
| 分册: | ||
| 出版信息: | 北京 高等教育出版社 1983.8 |
|
| 页数: | 330页 | |
| 开本: | 20cm | |
| 丛书名: | ||
| 单 册: | ||
| 中图分类: | TB125 | |
| 科图分类: | ||
| 主题词: | 工程力学 | |
| 电子资源: | ||
| ISBN: | ||
| 000 | 00535nam0 2200193 45 | |
| 001 | 0312221749 | |
| 005 | 20031222170907.2 | |
| 010 | @dCNY1.25 | |
| 100 | @a20031222d1983 km y0chiy0120 ea | |
| 101 | @achi | |
| 105 | @a z 000yy | |
| 200 | 1 | @a工程塑性力学@AGong Cheng Su Xing Li Xue@f庄懋年等编@FZhuang Mao Nian Deng Bian |
| 210 | @a北京@c高等教育出版社@d1983.8 | |
| 215 | @a330页@d20cm | |
| 606 | 0 | @a工程力学 |
| 690 | @aTB125@v3 | |
| 701 | 0 | @a庄懋年@4编 |
| 801 | @aCN@bTSTCL@c20031222 | |
| 905 | @a213230@dTB125@e47@b108854-855@f2 | |
| 工程塑性力学/庄懋年等编.-北京:高等教育出版社,1983.8 |
| 330页;20cm |
| ISBN :CNY1.25 |
| ● |
| 相关链接 |
|
|
|
|
正题名:工程塑性力学
索取号:TB125/47
 
预约/预借
| 序号 | 登录号 | 条形码 | 馆藏地/架位号 | 状态 | 备注 |
| 1 | 0108854 | 000883994 | 密集书库/ [索取号:TB125/47] | 在馆 | |
| 2 | 0108855 | 000884001 | 密集书库/ [索取号:TB125/47] | 在馆 | |
| 3 | 0108856 | 202452194 | 第二样本阅览室/ [索取号:TB125/47] | 在馆 |